| 000 | 00927nam a2200289 i 4500 | ||
|---|---|---|---|
| 001 | 17606 | ||
| 003 | KOSZ 005 | ||
| 005 | 20211109105604.0 | ||
| 008 | 961010s1977 pl f |000 0 pol d | ||
| 040 |
_cKOSZ 005 _aKOSZ 005 _dKOSZ 005/HR |
||
| 041 | _apol | ||
| 046 | _k1977 | ||
| 080 | _a539.1 | ||
| 100 | 1 |
_aGostkowska, Barbara _eAutor |
|
| 245 | 0 |
_aWybrane zagadnienia z fizyki jądrowej / _cB. Gostkowska, J. Zajdel. |
|
| 260 |
_aWarszawa : _bResort. Ośr. INTE Energ. i Ener. At., _c1977. |
||
| 300 |
_as. 58 : _brys., tab. |
||
| 380 | _aKsiążki | ||
| 388 | _a1901-2000 | ||
| 388 | _a1945-1989 | ||
| 504 | _a[Zawiera bibliogr. s. 58]. | ||
| 650 | 7 | _aFizyka jądrowa | |
| 658 | _aFizyka i astronomia | ||
| 700 | 1 |
_aZajdel, Janusz Andrzej _d(1938-1989) _eAutor |
|
| 856 |
_uhttp://koha.tu.koszalin.pl/cgi-bin/koha/opac-detail.pl?biblionumber=17606 _yKatalog online BPK |
||
| 942 |
_cKS _2UKD |
||
| 999 |
_c17606 _d17606 |
||